000 01732cam a22003134a 4500
001 13820838
003 ARRUPE
005 20130918172805.0
008 041220s2005 nyu b 001 0 eng
010 _a 2004030394
020 _a1593851502 (hardcover : alk. paper)
040 _aDLC
_cDLC
_dDLC
042 _apcc
050 0 0 _aBL238
_b.H66 2005
100 1 _aHood, Ralph W.
_9696
245 1 4 _aThe psychology of religious fundamentalism /
_cRalph W. Hood, Jr., Peter C. Hill, W. Paul Williamson.
260 _aNew York :
_bGuilford Press,
_cc2005.
300 _avii, 247 p. ;
_c24 cm.
504 _aIncludes bibliographical references (p. 225-237) and index.
505 0 _aFundamentalist religion as an intratextual search for meaning -- Fundamentalism as a meaning system -- The history of Protestant fundamentalism -- Fundamentalism in a Pentecostal denomination : the Church of God (of prophecy) -- Fundamentalism among religious serpent-handling sects -- Fundamentalism among the Amish -- Fundamentalist Islam -- Intratextuality, stereotyping, and quasi-fundamentalisms.
650 0 _aReligious fundamentalism
_xPsychology.
_9697
700 1 _aHill, Peter C.,
_d1953-
_9698
700 1 _aWilliamson, W. Paul
_q(William Paul)
_9699
856 4 1 _3Table of contents only
_uhttp://www.loc.gov/catdir/toc/ecip055/2004030394.html
856 4 2 _3Contributor biographical information
_uhttp://www.loc.gov/catdir/enhancements/fy0617/2004030394-b.html
906 _a7
_bcbc
_corignew
_d1
_eecip
_f20
_gy-gencatlg
942 _2lcc
_cMONOGRAPH
999 _c117911
_d117911